Crisis in the Muslim mind / (Record no. 56831)
[ view plain ]
| 000 -LEADER | |
|---|---|
| fixed length control field | 00830nam a2200265 a 4500 |
| 001 - CONTROL NUMBER | |
| control field | 56831 |
| 003 - CONTROL NUMBER IDENTIFIER | |
| rucl marc code | BD-RjUL |
| 005 - DATE AND TIME OF LATEST TRANSACTION | |
| control field | 20211209080434.0 |
| 008 - FIXED-LENGTH DATA ELEMENTS--GENERAL INFORMATION | |
| fixed length control field | 161204s1994 us 000 0 eng |
| 020 ## - INTERNATIONAL STANDARD BOOK NUMBER | |
| International Standard Book Number | 156564137X |
| International Standard Book Number | 1565641388 (pbk.) |
| 035 ## - SYSTEM CONTROL NUMBER | |
| System control number | (BD-RjUL)56955 |
| 040 ## - CATALOGING SOURCE | |
| Original cataloging agency | DLC |
| Transcribing agency | DLC |
| Modifying agency | BD-RjUL |
| Language of cataloging | eng |
| 041 ## - LANGUAGE CODE | |
| Language code of text/sound track or separate title | eng |
| 082 00 - DEWEY DECIMAL CLASSIFICATION NUMBER | |
| Classification number | 297 |
| Edition number | 23 |
| Author mark and year | ABC 1994 |
| 100 1# - MAIN ENTRY--PERSONAL NAME | |
| Personal name | Abū Sulaymān, ʻAbdulḤamīd. |
| 9 (RLIN) | 168981 |
| 245 10 - TITLE STATEMENT | |
| Title | Crisis in the Muslim mind / |
| Statement of responsibility, etc. | AbdulHamid A. AbuSulayman ; translation by Yusuf Talal DeLorenzo. |
| 250 ## - EDITION STATEMENT | |
| Edition statement | 2nd ed. |
| 260 ## - PUBLICATION, DISTRIBUTION, ETC. (IMPRINT) | |
| Place of publication, distribution, etc. | Herndon, VA : |
| Name of publisher, distributor, etc. | International Institute of Islamic thought, |
| Date of publication, distribution, etc. | c1994. |
| 300 ## - PHYSICAL DESCRIPTION | |
| Pagination | xviii, 160 p. ; |
| Size | 23 cm. |
| 650 #0 - SUBJECT ADDED ENTRY--TOPICAL TERM | |
| Topical term or geographic name as entry element | Islam |
| 9 (RLIN) | 168983 |
| 700 1# - ADDED ENTRY--PERSONAL NAME | |
| Personal name | DeLorenzo, Yusuf Talal. |
| 942 ## - ADDED ENTRY ELEMENTS (KOHA) | |
| Source of classification or shelving scheme | Dewey Decimal Classification |
| Koha item type | Books |
| Lost status | Source of classification or shelving scheme | Damaged status | Not for loan | Collection code | Permanent Location | Current Location | Shelving location | Date acquired | Total Checkouts | Full call number | Date last seen | Copy number | Koha item type |
|---|---|---|---|---|---|---|---|---|---|---|---|---|---|
| Dewey Decimal Classification | Not For Loan | Non-fiction | Central Library, University of Rajshahi | Central Library, University of Rajshahi | Reading Room | 29/09/1996 | 297 ABC 1994 | 04/12/2016 | C-1 | Books |